| 000 | 00482nam a2200121Ia 4500 | ||
|---|---|---|---|
| 008 | 160712s9999 xx 000 0 und d | ||
| 100 | _aSan Juan, David Michael M. | ||
| 245 |
_cDavid Michael m. San Juan _aA Luta Continua! Ang Kasalukuyang Pakikibaka Para sa Pagkakaroon ng Asignaturang Filipino sa Kolehiyo |
||
| 260 |
_c2013 _bDiliman Review |
||
| 300 | _avol. 60 no. 1-4 | ||
| 650 | _xFILIPINO | ||
| 856 | _uhttp://journals.upd.edu.ph/index.php/dilimanreview/issue/view/515/showToc | ||
| 999 |
_c297300 _d297300 |
||